Dějiny knihoven a knihovnictví

Salvato in:
Dettagli Bibliografici
Autore principale: Cejpek, Jiří
Natura: Libro
Lingua:ceco
Pubblicazione: Praha Karolinum 2002
Edizione:2. dopl. vyd.
Soggetti:
Tags: Aggiungi Tag
Nessun Tag, puoi essere il primo ad aggiungerne!!

MARC

LEADER 00000nam a2200000 4500
001 c141557
005 20221124094420.6
020 |a 80-246-0323-3 
041 0 |a cze 
044 |a CZ 
245 1 0 |a Dějiny knihoven a knihovnictví  |c Jiří Cejpek 
250 |a 2. dopl. vyd. 
264 1 |a Praha  |b Karolinum  |c 2002 
300 |a 247 s. 
610 2 0 |a knihovníctvo 
610 2 0 |a knižnice 
610 2 0 |a dejiny 
610 2 0 |a svet 
610 2 0 |a Česko 
610 2 0 |a Slovensko 
100 1 |a Cejpek, Jiří